[Event "BEL-ch U14"]
[Site "Worriken Buetgenbach"]
[Date "2004.04.08"]
[Round "6.5"]
[White "Theuerkauff, Olivier"]
[Black "Doudou, Mouloud"]
[Result "0-1"]
[WhiteElo "1437"]
[BlackElo "1517"]
[PlyCount "66"]
[EventDate "2004.04.03"]
[EventType "swiss"]
[EventRounds "9"]
[EventCountry "BEL"]
[SourceTitle "EXT 2006"]
[Source "ChessBase"]
[SourceDate "2005.11.24"]
[SourceVersion "1"]
[SourceVersionDate "2005.11.24"]
[SourceQuality "1"]

1. e4 e6 2. d4 d5 3. Nd2 c5 4. Ngf3 Nc6 5. c3 Qb6 6. exd5 exd5 7. Qb3 Qxb3 8. Nxb3 c4 9. Nbd2 Bf5 10. Ne5 Nxe5 11. dxe5 Bc5 12. Nf3 Ne7 13. Bg5 h6 14. Bh4 Ng6 15. Bg3 0-0 16. Be2 Rfe8 17. 0-0-0 Rad8 18. Rhe1 Be4 19. Nh4 Nxh4 20. Bxh4 g5 21. f3 Be3+ 22. Rd2 Bxd2+ 23. Kxd2 gxh4 24. fxe4 Rxe5 25. exd5 Rdxd5+ 26. Kc1 Rd8 27. h3 b5 28. a3 a5 29. Kc2 b4 30. axb4 axb4 31. cxb4 Rc8 32. Kd2 Rb8 33. Rb1 Rd8+ 0-1

[Event "BEL-ch U14"]
[Site "Worriken Buetgenbach"]
[Date "2004.04.04"]
[Round "2.5"]
[White "Ralet, Beatrix"]
[Black "Doudou, Mouloud"]
[Result "0-1"]
[WhiteElo "1192"]
[BlackElo "1517"]
[PlyCount "98"]
[EventDate "2004.04.03"]
[EventType "swiss"]
[EventRounds "9"]
[EventCountry "BEL"]
[SourceTitle "EXT 2006"]
[Source "ChessBase"]
[SourceDate "2005.11.24"]
[SourceVersion "1"]
[SourceVersionDate "2005.11.24"]
[SourceQuality "1"]

1. d4 d5 2. Nf3 Nf6 3. Nc3 e6 4. Bg5 Be7 5. e3 Nbd7 6. Be2 0-0 7. 0-0 b6 8. Ne5 Nxe5 9. dxe5 Nd7 10. f4 Bxg5 11. fxg5 Qxg5 12. e4 dxe4 13. Nxe4 Qe3+ 14. Nf2 Qxe5 15. b3 Qg5 16. Bf3 Rb8 17. Ne4 Qe7 18. Nc3 Qc5+ 19. Kh1 Qxc3 20. a3 Rd8 21. h3 Ba6 22. Rf2 Ne5 23. Qc1 Nxf3 24. Rxf3 Qd2 25. Qxd2 Rxd2 26. Rc1 Bb7 27. Rc3 Rxg2 28. Rxc7 Rxc2+ 29. Kg1 Rxc1+ 30. Rxc1 Bd5 31. b4 h6 32. Rc7 a5 33. bxa5 bxa5 34. Ra7 Rb5 35. a4 Rc5 36. Kf2 Bb3 37. Ra8+ Kh7 38. Rf8 e5 39. Rxf7 Bxf7 40. Ke3 Rc4 41. Kf3 Kg6 42. Kg3 Kf5 43. Kf3 Rc3+ 44. Kg2 Bd5+ 45. Kh2 Kf4 46. h4 h5 47. Kg1 Kg3 48. Kf1 Re3 49. Kg1 Re1# 0-1